Obras de San Agustín / (Record no. 170655)

MARC details
000 -LEADER
campo de control de longitud fija 01329nam a2200301 i 4500
001 - NÚMERO DE CONTROL
campo de control 170655
003 - IDENTIFICADOR DE NÚMERO DE CONTROL
campo de control ES-MaACL
005 - FECHA Y HORA DE LA ÚLTIMA TRANSACCIÓN
campo de control 20250808062733.0
008 - DATOS DE LONGITUD FIJA--INFORMACIÓN GENERAL
campo de control de longitud fija 090326s1950 sp |||| | spa d
100 0# - ENTRADA PRINCIPAL--NOMBRE DE PERSONA
Nombre de persona Agustín
Títulos y otros términos asociados al nombre Santo, Obispo de Hipona.
9 (RLIN) 125563
245 10 - MENCIÓN DEL TÍTULO
Título Obras de San Agustín /
Mención de responsabilidad, etc. publicadas bajo la dirección de Felix García.
250 ## - MENCION DE EDICION
Mención de edición Ed. bilingüe, 2ª ed.
260 ## - PUBLICACIÓN, DISTRIBUCIÓN, ETC.
Lugar de publicación, distribución, etc. Madrid :
Nombre del editor, distribuidor, etc. [La Editorial Católica],
Fecha de publicación, distribución, etc. 1950.
300 ## - DESCRIPCIÓN FÍSICA
Extensión 2 v. ;
Dimensiones 20 cm.
490 1# - MENCIÓN DE SERIE
Mención de serie Biblioteca de autores cristianos ;
Designación de volumen o secuencia 10-11
505 8# - NOTA DE CONTENIDO CON FORMATO
Nota de contenido con formato Contiene: 1. Introducción general ; Bibliografía ; Vida de San Agustín / escrita por San Posidio ; Introducción a los Diálogos ; Soliloquios ; De la vida feliz ; Del orden / preparado por Victorino Capanaga - 2. Las confesiones / edición crítica y anotada por Ángel Custodio Vega
546 ## - NOTA DE IDIOMA
Nota de lengua/lenguaje Texto en latín y traducción en castellano.
600 04 - PUNTO DE ACCESO ADICIONAL DE MATERIA--NOMBRE DE PERSONA
Nombre de persona Agustín,
Títulos y otros términos asociados al nombre Santo, Obispo de Hipona.
9 (RLIN) 125563
700 1# - ENTRADA AGREGADA--NOMBRE PERSONAL
Nombre de persona García, Félix,
Fechas asociadas al nombre 1897-1983
9 (RLIN) 172116
700 0# - ENTRADA AGREGADA--NOMBRE PERSONAL
Nombre de persona Posidio,
Títulos y otros términos asociados al nombre Santo.
9 (RLIN) 172117
700 1# - ENTRADA AGREGADA--NOMBRE PERSONAL
Nombre de persona Capanaga, Victorino.
9 (RLIN) 34776
700 1# - ENTRADA AGREGADA--NOMBRE PERSONAL
Nombre de persona Vega, Ángel Custodio.
9 (RLIN) 113535
740 02 - ENTRADA AGREGADA--TÍTULO RELACIONADO/ANALÍTICO NO CONTROLADO
Título relacionado o analítico no controlado Vida de San Agustín.
740 42 - ENTRADA AGREGADA--TÍTULO RELACIONADO/ANALÍTICO NO CONTROLADO
Título relacionado o analítico no controlado Las confesiones.
830 10 - PUNTO DE ACCESO ADICIONAL DE SERIE-TÍTULO UNIFORME
Título uniforme Biblioteca de autores cristianos
Designación de volumen o secuencia 10-11
9 (RLIN) 178679
852 ## - LOCALIZACIÓN
Ubicación ES-MaACL
Número de control de estantería J-11-12
Holdings
Estatus retirado Estado de pérdida Estado de daño No para préstamo Biblioteca de origen Biblioteca actual Ubicación en estantería Fecha de adquisición Fuente de adquisición Total de préstamos Signatura topográfica completa Código de barras Visto por última vez Precio de reemplazo Tipo de ítem Koha
        Biblioteca del Ateneo de Madrid Biblioteca del Ateneo de Madrid Depósito 2 26/03/2009     J-11-12 1179092 23/02/2023 23/02/2023 Libro impreso